Once Upon a Time in Hollywood Cast - Sudden Death - Statistics

General Stats
  • This quiz has been taken 54 times
  • The average score is 6 of 23
Answers on the Grid
Answers color-coded by a green-red scale on the quiz's grid according to % correct below.
Samuel L. Jackson
Margot Robbie
Margaret Qualley
Kurt Russell
Goldie Hawn
Christoph Waltz
Anna Gunn
Jodie Comer
Danielle Harris
Lorenza Izzo
Sydney Sweeney
Elle Fanning
Dakota Fanning
Ralph Fiennes
Rumer Willis
Maya Hawke
Jim Broadbent
Ana de Armas
Tom Cruise
Al Pacino
Mikey Madison
Leonardo DiCaprio
Timothy Dalton
Lea Seydoux
Mike Moh
Brad Pitt
Don Johnson
Daniel Baldwin
Eric Roberts
Danai Gurira
M. Emmet Walsh
Damian Lewis
Paget Brewster
Lew Temple
Jack Nicholson
Bruce Dern
Zoë Bell
Emile Hirsch
Steve Buscemi
Harvey Keitel
Michael Madsen
Paul Giamatti
Jim Beaver
Mary Elizabeth Winstead
Harley Quinn Smith
Roseanne Barr
Timothy Olyphant
Val Kilmer
Raymond Cruz
Julia Butters
Walton Goggins
 
Answer Stats
Answer % Correct
Margot Robbie
87%
Margaret Qualley
63%
Brad Pitt
53%
Leonardo DiCaprio
53%
Sydney Sweeney
43%
Kurt Russell
33%
Maya Hawke
30%
Mikey Madison
30%
Dakota Fanning
23%
Al Pacino
17%
Michael Madsen
17%
Mike Moh
17%
Bruce Dern
13%
Emile Hirsch
13%
Zoë Bell
13%
Damian Lewis
10%
Danielle Harris
7%
Julia Butters
7%
Rumer Willis
7%
Timothy Olyphant
7%
Harley Quinn Smith
3%
Lorenza Izzo
3%
Lew Temple
0%
No matching quizzes found
Score Distribution
Percent of People with Each Score
Percentile by Number Answered
Your Score History
You have not taken this quiz